Historia de la guerra del Peloponeso
שמור ב:
| מחבר ראשי: | |
|---|---|
| פורמט: | ספר |
| שפה: | ספרדית |
| יצא לאור: |
Madrid
Hernando
1952
|
| סדרה: | Biblioteca Clásica Hernando
|
| נושאים: | |
| תגים: |
הוספת תג
אין תגיות, היה/י הראשונ/ה לתייג את הרשומה!
|
MARC
| LEADER | 00000nam a2200000 a 4500 | ||
|---|---|---|---|
| 001 | UCP4013 | ||
| 003 | CL-VaPUC | ||
| 005 | 20240529112757.0 | ||
| 008 | 990709e19520000SP |||||||||||||||||spa|d | ||
| 999 | |c 282093 |d 282091 | ||
| 040 | |c Pontificia Universidad Católica de Valparaíso | ||
| 082 | 0 | 4 | |a 938.05 |b TUC |2 21 |
| 100 | 0 | |a Tucídides |e author |9 431429 | |
| 245 | 1 | 0 | |a Historia de la guerra del Peloponeso |
| 260 | |a Madrid |b Hernando |c 1952 | ||
| 300 | |a 3 v | ||
| 490 | 0 | |a Biblioteca Clásica Hernando | |
| 500 | |a v.1: Libros I y II | ||
| 500 | |a v.2: Libros III, IV y V | ||
| 500 | |a v.3: VI, VII y VIII | ||
| 583 | |a last modification |c 19990709 00:00:00 |k Rodrigo Vera | ||
| 650 | 0 | |a Historia antigua |9 878105 |x Historiografía | |
| 651 | 0 | |a Grecia |9 265314 |x Historia |y Guerra del Peloponeso, 431-404 AC | |
| 942 | |c BK |2 ddc | ||
| 945 | |d 19990709 00:00:00 |a lriquelm | ||
| 952 | |0 0 |1 0 |4 0 |6 938_050000000000000_TUC_1952 |7 0 |8 R |9 323510 |a BIBHIS |b BIBHIS |d 2019-11-20 |h v.1 |i 1364383 |o 938.05 TUC 1952 |p 1364383 |r 2024-01-30 |w 2019-11-20 |y BK_R |k HIS | ||
| 952 | |0 0 |1 0 |4 0 |6 938_050000000000000_TUC_1952 |7 0 |8 R |9 323511 |a BIBHIS |b BIBHIS |d 2019-11-20 |h v.2 |i 1364391 |o 938.05 TUC 1952 |p 1364391 |r 2024-01-30 |w 2019-11-20 |y BK_R |k HIS | ||
| 952 | |0 0 |1 0 |4 0 |6 938_050000000000000_TUC_1952 |7 0 |8 R |9 323512 |a BIBHIS |b BIBHIS |d 2019-11-20 |h v.2 |i 1364405 |l 1 |o 938.05 TUC 1952 |p 1364405 |r 2024-01-30 |s 2022-08-19 |w 2019-11-20 |y BK_R |k HIS | ||
| 952 | |0 0 |1 0 |2 ddc |4 0 |6 938_050000000000000_TUC_1952 |7 1 |8 R |9 323513 |a BIBHIS |b BIBHIS |d 2019-11-20 |h v.3 |i 1364413 |o 938.05 TUC 1952 |p 1364413 |r 2024-01-30 |w 2019-11-20 |y BK_R |k HIS | ||